000 00540nam a2200205Ia 4500
005 20230606152005.0
008 131103s9999 xx 000 0 und d
040 _aLoreto College
041 _aEnglish
082 _a935
_bBAI
100 _aBaikie,James
245 4 _aThe Ancient east and its story
_cJames Baikie
260 _aLondon
_bI.C. & E.C.Jack
_c[19 - ?]
300 _a472 p.
_b 7 plates
504 _aIncludes index
650 _aAncient History
651 _aMesopotamia - Ancient History
850 _aLCLIB
942 _cBK
999 _c8589
_d59068